000 00214 a2200097 4500
001 14917
100 _aRouse W.H.D
245 _aStories of the old Greeks
260 _aLondon
_bMacmillan
_c
090 _c11684
_d11684
942 _aNUST-CAE
_cM
_c1874
999 _c249990
_d249990